Normal view
MARC view
Entry Topical Term
001 - CONTROL NUMBER
- control field: 9368
003 - CONTROL NUMBER IDENTIFIER
- control field: OSt
005 - DATE AND TIME OF LATEST TRANSACTION
- control field: 20220918110741.0
008 - FIXED-LENGTH DATA ELEMENTS
- fixed length control field: 220918|| aca||aabn | a|a d
040 ## - CATALOGING SOURCE
- Original cataloging agency: OSt
- Transcribing agency: OSt
150 ## - HEADING--TOPICAL TERM
- Topical term or geographic name entry element: संस्कृत साहित्य
670 ## - SOURCE DATA FOUND
- Source citation: Work cat.: (OSt)114475: त्रिपाठी, राधावल्लभ, ले. 1264, संस्कत साहित्य का समग्र इतिहास, 2018
